| 000 | 00593nam a2200229 a 4500 | ||
|---|---|---|---|
| 999 |
_c5332 _d5332 |
||
| 001 | 5332 | ||
| 003 | BD-JhCC | ||
| 005 | 20171213110700.0 | ||
| 008 | 171212s1964 ||||| |||| 00| 0 eng d | ||
| 035 | _a(BD-JhCC) | ||
| 040 |
_aBD-JhCC _dBD-JhCC |
||
| 041 | _aeng | ||
| 082 |
_a515.15 _bFIS 1964 |
||
| 100 | _aFisher, Robert C. | ||
| 245 |
_aCalculs and Analytic Geometry / _cRobert C. Fisher and Allen D. Ziebur |
||
| 260 |
_aLondon : _bPrentice-Hall, _c1964 |
||
| 300 |
_a766 p. : _c26cm. |
||
| 650 | _aCalculus | ||
| 650 | _aGeometry | ||
| 700 | _aZiebur, Allen D. | ||
| 942 |
_2ddc _cBK |
||